000 00811nas a2200277 4500
001 BR0800655
003 BR-BrBNA
005 20231205111523.0
007 ta
008 230509b bl.|||p| |||| 00| 00por d
040 _aBR-BrBNA
_bpor
_cBiblioteca Nacional de Agricultura
041 _a(En)
072 _aH10; F30
100 1 _aLax, P.
100 1 _aDoucet, M.E.
100 1 _aBraga, R.
100 1 _aGioria, R.
245 1 _aResponse of different pepper varieties to the attack by two populations of Nacobbus aberrans
650 _aNEMATÓIDE
650 _aPIMENTÃO
650 _aAGRESSIVIDADE
650 _aARGENTINA
773 0 _tNematologia Brasileira (Brazil)
_xISSN 0102-2997
_g(2006), v. 30(3) p. 259-265
_wBR0800655
909 _a202311
_bLúcia
_c55
_dLúcia Elande
942 _2AGRIS
_n0
_cANA
999 _c193156
_d193156